Internal combustion engines / (Record no. 1814)
[ view plain ]
| 000 -LEADER | |
|---|---|
| fixed length control field | 00375nam a22001337a 4500 |
| 008 - FIXED-LENGTH DATA ELEMENTS--GENERAL INFORMATION | |
| fixed length control field | 200204b ||||| |||| 00| 0 eng d |
| 082 00 - DEWEY DECIMAL CLASSIFICATION NUMBER | |
| Classification number | 621.43 |
| Item number | G1967 |
| 100 ## - MAIN ENTRY--PERSONAL NAME | |
| 9 (RLIN) | 1430 |
| Personal name | Ganesan, V. |
| 245 10 - TITLE STATEMENT | |
| Title | Internal combustion engines / |
| 260 ## - PUBLICATION, DISTRIBUTION, ETC. (IMPRINT) | |
| Place of publication, distribution, etc | New Delhi: |
| Name of publisher, distributor, etc | Tata McGraw Hill, |
| Date of publication, distribution, etc | 1994. |
| 300 ## - PHYSICAL DESCRIPTION | |
| Extent | xxx, 540 p. |
| 650 #0 - SUBJECT ADDED ENTRY--TOPICAL TERM | |
| Topical term or geographic name as entry element | Internal Combustion Engines |
| 942 ## - ADDED ENTRY ELEMENTS (KOHA) | |
| Item type | Books |
| Withdrawn status | Lost status | Source of classification or shelving scheme | Damaged status | Not for loan | Permanent location | Current location | Date acquired | Source of acquisition | Total Checkouts | Full call number | Barcode | Date last seen | Date last borrowed | Cost, replacement price | Koha item type | Total Renewals |
|---|---|---|---|---|---|---|---|---|---|---|---|---|---|---|---|---|
| IMU Kolkata | IMU Kolkata | 2000-04-07 | Jyoti, the Book People | 3 | 621.43 G1967 | 09037 | 2025-12-16 | 2025-11-11 | 145.00 | Books | ||||||
| IMU Kolkata | IMU Kolkata | 2000-04-07 | Jyoti, the Book People | 621.43 G1967 | 09038 | 2020-02-04 | 145.00 | Books | ||||||||
| IMU Kolkata | IMU Kolkata | 2002-03-27 | Jyoti, the Book People | 1 | 621.43 G1967 | 09304 | 2024-04-01 | 2024-02-15 | 210.00 | Books | ||||||
| IMU Kolkata | IMU Kolkata | 2002-03-27 | Jyoti, the Book People | 3 | 621.43 G1967 | 09305 | 2025-05-01 | 2025-03-17 | 210.00 | Books | 2 | |||||
| IMU Kolkata | IMU Kolkata | 2002-03-27 | Jyoti, the Book People | 3 | 621.43 G1967 | 09306 | 2024-05-30 | 2024-05-06 | 210.00 | Books | ||||||
| IMU Kolkata | IMU Kolkata | 2002-03-27 | Jyoti, the Book People | 2 | 621.43 G1967 | 09307 | 2024-05-31 | 2024-05-17 | 210.00 | Books | 1 | |||||
| IMU Kolkata | IMU Kolkata | 2002-03-27 | Jyoti, the Book People | 621.43 G1967 | 09308 | 2020-02-07 | 210.00 | Books |